000 07545nam a2200613 i 4500
005 20100105101852.0
008 760910s1975 enkabcf b 001 0 eng
010 _aB-361886-915
020 _a9788125931645
_c425.00
035 _aB-361886-915
037 _bVikas Publishing House
040 _adpl
_bEnglish
082 _a954.085
100 _aLapierre, Dominique
245 _aFreedom at midnight /
_cby Dominique Lapierre [and] Larry Collins
260 _aNew Delhi
_bVikas Publishing House
_c2009(repr.).
270 _a576, Masjid Road, Jangpura,
_bNew Delhi
_e110014
300 _alx, 774p.
_bmaps
_c23cm(pbk)
500 _aIncludes index
651 _aIndia
_xHistory
_y1947-
700 _aCollins, Larry
942 _2ddc
_cEN
_h954.085
_mLAP
999 _c33486
_d33486